000 00453nam a2200181Ia 4500
003 STCL
008 230726s9999 xx 000 0 und d
020 _a9789356290082
_qHB
040 _aSTCL
_cSTCL
_bEN
082 _222
100 _aNath, Ipshitha
245 0 _aMemsahibs: British women in colonial India
260 _bHarper Collins Publishers
_aHaryana
_c2022
300 _a325 p
365 _b699
546 _aEnglish
942 _2DDC
_e22
_cBKDDC
999 _c89377
_d89377